Economics of agricultural credit : (Record no. 864)
[ view plain ]
| 000 -LEADER | |
|---|---|
| fixed length control field | 00997nam a2200265 a 4500 |
| 001 - CONTROL NUMBER | |
| control field | BD-DhSAU 864 |
| 003 - CONTROL NUMBER IDENTIFIER | |
| control field | BD-DhSAU |
| 005 - DATE AND TIME OF LATEST TRANSACTION | |
| control field | 20150107023546.0 |
| 008 - FIXED-LENGTH DATA ELEMENTS--GENERAL INFORMATION | |
| fixed length control field | 850523s1984 ii b 000 0 eng |
| 040 ## - CATALOGING SOURCE | |
| Original cataloging agency | BD-DhSAU |
| 082 00 - DEWEY DECIMAL CLASSIFICATION NUMBER | |
| Classification number | 332.7 |
| Edition number | 22 |
| Item number | BAE |
| 100 1# - MAIN ENTRY--PERSONAL NAME | |
| Personal name | Bandyopadhyay, Arun Kumar, |
| 245 10 - TITLE STATEMENT | |
| Title | Economics of agricultural credit : |
| Remainder of title | with special reference to small farmers in West Bengal / |
| Statement of responsibility, etc. | Arun Kumar Bandyopdhyay. |
| 260 ## - PUBLICATION, DISTRIBUTION, ETC. (IMPRINT) | |
| Place of publication, distribution, etc. | New Delhi, India : |
| Name of publisher, distributor, etc. | Agricole Pub. Academy ; |
| Date of publication, distribution, etc. | 1984. |
| 300 ## - PHYSICAL DESCRIPTION | |
| Extent | xvi, 174 p. : |
| Dimensions | 23 cm. |
| 440 #0 - SERIES STATEMENT/ADDED ENTRY--TITLE | |
| Title | Studies in economic development and planning ; |
| Volume/sequential designation | no. 35 |
| 500 ## - GENERAL NOTE | |
| General note | At head of title: Institute of Economic Growth. |
| 500 ## - GENERAL NOTE | |
| General note | Revision of the author's thesis (Ph. D.--University of Delhi, 1982) |
| 504 ## - BIBLIOGRAPHY, ETC. NOTE | |
| Bibliography, etc | Bibliography: p. 172-174. |
| 590 ## - Name of Cataloguer | |
| Name of Cataloger | IMRAN |
| 650 #0 - SUBJECT ADDED ENTRY--TOPICAL TERM | |
| Topical term or geographic name as entry element | Agricultural credit |
| Geographic subdivision | India |
| -- | West Bengal. |
| 650 #0 - SUBJECT ADDED ENTRY--TOPICAL TERM | |
| Topical term or geographic name as entry element | Economics |
| 650 #0 - SUBJECT ADDED ENTRY--TOPICAL TERM | |
| Topical term or geographic name as entry element | Farms, Small |
| Geographic subdivision | India |
| -- | West Bengal |
| General subdivision | Finance. |
| 710 2# - ADDED ENTRY--CORPORATE NAME | |
| Corporate name or jurisdiction name as entry element | Institute of Economic Growth (India) |
| 942 ## - ADDED ENTRY ELEMENTS (KOHA) | |
| Source of classification or shelving scheme | Dewey Decimal Classification |
| Koha item type | Book |
| Withdrawn status | Lost status | Source of classification or shelving scheme | Damaged status | Not for loan | Home library | Branch Name | Shelving location | Date acquired | Total Checkouts | Full call number | Barcode | Date last seen | Price effective from | Koha item type | Collection code |
|---|---|---|---|---|---|---|---|---|---|---|---|---|---|---|---|
| Dewey Decimal Classification | SAU Library | SAU Library | General Stacks | 22/06/1993 | 332.7 BAE | 25420 | 07/01/2015 | 07/01/2015 | Book | ||||||
| Dewey Decimal Classification | SAU Library | SAU Library | General Stacks | 22/06/1993 | 332.7 BAE | 25421 | 07/01/2015 | 07/01/2015 | Book | ||||||
| Dewey Decimal Classification | Not For Loan | SAU Library | SAU Library | Reference | 28/06/1991 | 332.7 BAE | 25419 | 21/05/2015 | 21/05/2015 | Book | Reference |
